LEADER 01944nam a2200373 a 4500 001 000000164434 003 CaOOAMICUS 005 20171121111407.0 008 171121m19241925it u000 u ita r 032 $aLibriCat 040 $aPUL$bita 100 1 $aLomonaco, Giovanni,$dn. 1848.$0(OLS)http://pul/name/16245 245 10$aDelle obbligazioni e dei contratti in genere /$cGiovanni Lomonaco. 250 $aRist. della 2. ed. con appendici del prof. Francesco Degni. 260 $aNapoli :$bE. Marghieri ;$aTorino :$bUTET,$c1924-1925. 300 $a3 v. ;$c24 cm. 490 1 $aIl diritto civile italiano secondo la dottrina e la giurisprudenza 500 $aSul frontespizio della serie: Parte decima. Delle obbligazioni. 650 4$aObbligazioni (diritto).$0(OLS)http://pul/subject/17087 650 4$aDiritto civile$zItalia.$0(OLS)http://pul/subject/3770 700 1 $aDegni, Francesco.$0(OLS)http://pul/name/2366 830 3$aIl diritto civile italiano secondo la dottrina e la giurisprudenza.$0(OLS)http://pul/title/204040 850 $aPUL 852 $aPUL$W1$xDP2 Diritto e Scienze Sociali 1$y65$m250 F 1.32$j188571$bv. 1, rist. della 2. ed.$qStampati$B191737$CPULBib$Z2$F191737 $81 852 $aPUL$W1$xDP2 Diritto e Scienze Sociali 1$y65$m250 F 1.33$j188572$bv. 2, rist. della 2. ed.$qStampati$B191738$CPULBib$Z2$F191738 $81 852 $aPUL$W1$xDP2 Diritto e Scienze Sociali 1$y65$m250 F 1.34$j188573$bv. 3, rist. della 2. ed.$qStampati$B191739$CPULBib$Z2$F191739 $81 941 1 $a8 961 $aEx libris: U.mi Viri A. Borettini. 961 $aEx libris: U.mi Viri A. Borettini. 961 $aEx libris: U.mi Viri A. Borettini. 996 $6245$aDelle obbligazioni e dei contratti in genere$9(OLS)http://pul/title/204112 996 $6260$aNapoli :$bE. Marghieri$9(OLS)http://pul/publisher/53540 996 $6260$aTorino :$bUTET$9(OLS)http://pul/publisher/48088 LEADER 01508nam a2200313 u 4500 001 000000075668 003 CaOOAMICUS 005 20070226123127.0 008 031015s2003 it u000 u ita u 020 $a8882944840 035 $a10972989 040 $aPUL$bita 110 1 $aItalia.$0(OLS)http://pul/name/1188 240 10$aCodice di procedura penale$9(Italia).$0(OLS)http://pul/title/69944 245 13$aIl codice di procedura penale :$bspiegato con esempi pratici, dottrina, giurisprudenza, schemi e tabelle : le leggi complementari /$ca cura di Luigi Tramontano. 260 $aPiacenza :$bLa Tribuna,$c2003. 300 $a2431 p. ;$c21 cm 490 1 $aTribuna Studium ;$v4 500 $aContiene indici. 630 04$aCodice di procedura penale$zItalia.$0(OLS)http://pul/subject/20312 650 4$aProcedura penale$zItalia.$0(OLS)http://pul/subject/12686 700 1 $aTramontano, Luigi,$d1967-$0(OLS)http://pul/name/34460 830 0$aTribuna Studium ;$v4.$0(OLS)http://pul/title/99304 850 $aPUL 852 $aPUL$W1$xDP2 Cons. Gen., Altre Classi 1$y61$m1379 B 29$j97316$nBK-PRI$qStampati$B97316$CPULBib$Z2$F97316 $H92891 $82 941 1 $a8 996 $6020$a8882944840$9(OLS)http://pul/number/98861 996 $6245$aIl codice di procedura penale :$bspiegato con esempi pratici, dottrina, giurisprudenza, schemi e tabelle : le leggi complementari$9(OLS)http://pul/title/99305 996 $6260$aPiacenza :$bLa Tribuna$9(OLS)http://pul/publisher/69734 LEADER 01345nam a2200301 a 4500 001 000000129247 003 CaOOAMICUS 005 20120611110832.0 008 120611s2012 gw of u000 u ger r 020 $a978-3-451-02247-0 040 $aPUL$bita 245 00$aReligionsunterricht als ort der theologie /$cherausgegeben von Norbert Mette und Matthias Sellmann. 260 $aFreiburg im Breisgau :$bHerder,$cİ2012. 300 $a385 p. ;$c22 cm 490 1 $aQuaestiones disputatae ;$v247 504 $aInclude riferimenti bibliografici ed indice. 650 4$aEducazione religiosa.$0(OLS)http://pul/subject/10758 650 4$aTeologia dogmatica.$0(OLS)http://pul/subject/663 700 1 $aMette, Norbert,$d1946-$0(OLS)http://pul/name/31241 700 1 $aSellmann, Matthias,$d1966-$0(OLS)http://pul/name/52419 830 0$aQuaestiones disputatae ;$v247.$0(OLS)http://pul/title/4920 850 $aPUL 852 $aPUL$W1$xSL Religione 2$y84$mTheol A6 247$j149668$qStampati Altre Collocazioni$B148188$CPULBib$Z2$F148188 $H119655 $82 941 1 $a10 996 $6020$a978-3-451-02247-0$9(OLS)http://pul/number/149966 996 $6245$aReligionsunterricht als ort der theologie$9(OLS)http://pul/title/163335 996 $6260$aFreiburg im Breisgau :$bHerder$9(OLS)http://pul/publisher/48772